000 00711cam a22002411 4500
001 agr49000437
003 DLC
005 20260227111011.0
008 750730s1949 xx 000 0 eng
010 _aagr49000437
035 _a(OCoLC)1490700
040 _aDLC
_cFJ
_dDLC
050 0 0 _aSK33
_b.R42
082 0 0 _a799.2
100 1 _aRodgers, Walter R.,
_d1898-
245 1 0 _aHuntin' gun;
_bmen, gun feel and game.
_cIllus. by Jim Berryman and Gib Crockett.
250 _a[1st ed.]
260 _aWashington,
_bInfantry Journal Press
_c[1949]
300 _ax, 178 p.
_billus.
_c22 cm.
490 0 _aA National Rifle Association library book.
500 _a"A Sportsman's Press book."
650 0 _aHunting.
999 _c11026
_d11026